पतिव्रता (Record no. 164251)

MARC details
000 -LEADER
fixed length control field 00474nam a2200181Ia 4500
008 - FIXED-LENGTH DATA ELEMENTS--GENERAL INFORMATION
fixed length control field 090124s9999 xx 000 0 und d
082 ## - DEWEY DECIMAL CLASSIFICATION NUMBER
Item number 118164
100 ## - MAIN ENTRY--PERSONAL NAME
Personal name वर्टी अ. वा.
245 ## - TITLE STATEMENT
Title पतिव्रता
250 ## - EDITION STATEMENT
Edition statement 1
260 ## - PUBLICATION, DISTRIBUTION, ETC. (IMPRINT)
Date of publication, distribution, etc 1979
300 ## - PHYSICAL DESCRIPTION
Extent 148
600 ## - SUBJECT ADDED ENTRY--PERSONAL NAME
Personal name वर्टी अ. वा.
630 ## - SUBJECT ADDED ENTRY--UNIFORM TITLE
Uniform title पतिव्रता
700 ## - ADDED ENTRY--PERSONAL NAME
Personal name वर्टी अ. वा.
730 ## - ADDED ENTRY--UNIFORM TITLE
Uniform title पतिव्रता
942 ## - ADDED ENTRY ELEMENTS (KOHA)
Koha item type Book
Holdings
Withdrawn status Lost status Damaged status Not for loan Home library Current library Date acquired Cost, normal purchase price Total Checkouts Full call number Barcode Date last seen Cost, replacement price Price effective from Koha item type
        Marathi Granth Sangrahalaya,Thane Marathi Granth Sangrahalaya,Thane   15.00   118164 THNMGS-118164 01/24/2009 15.00 01/24/2009 Book